000 01954nam a22001577a 4500
999 _c526023
_d526023
008 240503b ||||| |||| 00| 0 eng d
100 _aAmaral, Francisco et al
_952171
245 _aInterest rates and the spatial polarization of housing markets
260 _aThe American Economic Review: Insights
300 _a6(1), Mar, 2024: p.89-104
520 _aThe increasing disparity in house values within countries has become a significant topic of discussion in the United States and globally. Using extensive regional data from 15 advanced economies, researchers find that common explanations linking price dispersion to rent differences are challenged by an important observation: rent dispersion has risen much less than price dispersion. This finding suggests that rent dynamics alone cannot fully explain growing housing price variations. A new perspective emerges from the role of real risk-free interest rates. As these rates decline uniformly, they create uneven effects across regions. Large metropolitan areas experience disproportionate price increases because their initial rent-price ratios are low. This mechanism leads to national housing market polarization, where some urban centers see steep price escalations, widening gaps with less urbanized areas. The study provides insights into how financial forces, rather than just rental market trends, shape modern housing price disparities. Understanding this relationship can help policymakers and economists address concerns about affordability and market stability in various regions. - Reproduced https://www.aeaweb.org/articles?id=10.1257/aeri.20220367
650 _aHousing, Price Dispersion, Rent, Risk-Free Interest Rates, Metropolitan, Polarization, Economies, Market Trends, Affordability, Stability I have expanded the summary while ensuring clarity and conciseness
_952172
773 _aThe American Economic Review: Insights
906 _aHOUSING
942 _cAR